000 00379nam a2200133Ia 4500
008 210210b1995 xxu||||| |||| 00| 0 eng d
082 _a001.642502 NATC
100 _aNATIONAL CENTRE for SOFTWARE TECHNOLOGY.
245 _aC S T: competence in software technology examination.
260 _aBangalore
_bNCST
_c1995
300 _a76
690 _aComputer Science
906 _a049382
999 _c98105
_d98105